Statistics for Nigeria Country Quiz

Click here to take the quiz!

General Stats

  • This quiz has been taken 10 times
    (7 since last reset)
  • The average score is 10 of 16

Answer Stats

QuestionAnswer% Correct
Where Is Nigeria LocatedAfrica
100%
How Many Languages In Nigeria500
83%
What’s The Capital Of NigeriaAbuja
83%
Language Of NigeriaEnglish
83%
Where Does Nigeria Gets It’s Name FromThe River Niger
83%
How Many States Does Nigeria Have36
67%
Does Nigeria Home To NollywoodDefinitely
67%
Is Nigeria One Of The Largest CountriesYes
67%
How Much Scams Does Nigeria419
50%
How Much Nigeria Gets Payed$6000
50%
What Is Nigeria ReligionChristian
50%
Is Nigeria And Ghana Best Friends And Love Each OtherYES!❤️❤️❤️
50%
How Much People Live In Lagos21 Million
33%
Is Nigeria LandlockedNo
33%
Is Nigeria FlatterYes
33%
GDP Of Nigeria$1 Trillion
17%

Score Distribution

Percentile by Number Answered

Percent of People with Each Score

Your Score History

You have not taken this quiz since the last reset